الرسم بإستعمال الحاسب الآلي / (رقم التسجيلة. 87937)

تفاصيل مارك
000 -الفاتح
عناصر البيانات ثابتة الطول 00749cam a2200205 i 4500
005 - تاريخ ووقت آخر معاملة
حقل ضبط 20251108172750.0
008 - عناصر البيانات ثابتة الطول
عناصر البيانات ثابتة الطول 250721s2001 xx a gr 000 0 ara d
082 14 - رقم تصنيف ديوي العشري
رقم التصنيف 004.6
رقم المادة ب ج ا
100 1# - مدخل رئيسي – اسم شخصي
الاسم الشخصي البجالي، زياد نايف
علاقة الشخص بالعمل/ دوره مؤلف.
245 10 - بيان العنوان
العنوان الرسم بإستعمال الحاسب الآلي /
بيان المسؤولية المهندس زياد نايف البجالي.
246 11 - الأشكال المختلفة للعنوان
العنوان الفعلي/العنوان المختصر Computer -Aided Drafting : Autocad 2000.
264 1# - بيانات النشر، التوزيع…إلخ
مكان النشر، التوزيع...إلخ عمان :
تاريخ النشر، التوزيع...إلخ 2001.
اسم الناشر، الموزع...إلخ زياد نايف البجالي،
300 ## - الوصف المادي
عدد الوحدات المكونة للوعاء 126 صفحة.
650 17 - مدخل إضافي بالموضوع - مصطلح موضوعي
مصطلح موضوعي أو اسم جغرافي كعنصر مدخل الحواسيب.
650 17 - مدخل إضافي بالموضوع - مصطلح موضوعي
مصطلح موضوعي أو اسم جغرافي كعنصر مدخل الرسم بمساعدة الحاسوب.
650 17 - مدخل إضافي بالموضوع - مصطلح موضوعي
مصطلح موضوعي أو اسم جغرافي كعنصر مدخل البرمجيات.
650 17 - مدخل إضافي بالموضوع - مصطلح موضوعي
مصطلح موضوعي أو اسم جغرافي كعنصر مدخل برامج الحاسوب.
942 ## - بيانات إضافية (كوها)
نوع التنصيف Dewey Decimal Classification
نوع المادة (كوها) كتب
المقتنيات
حالة السحب حالة الفقدان مصدر التصنيف حالة التلف غير قابل للإعارة المكتبة الرئيسية المكتبة الحالية موقع الرف تاريخ التزويد الرقم المتسلسل Total Checkouts رقم الإستدعاء الباركود تاريخ آخر ظهور تاريخ الفاتورة نوع المادة (كوها)
    Dewey Decimal Classification     المكتبة المركزية المكتبة المركزية الإعارة 20/10/2016 1627638   004.6 / ب ج ا PLD00396722 28/07/2025 20/10/2016 كتب
    Dewey Decimal Classification     مكتبة عدن للأطفال مكتبة عدن للأطفال الإعارة 09/02/2025 1792654   004.6/بجا PLD00514953 28/07/2025 09/02/2025 كتب
Implemented & Customized by: BBB with SCIT (Smart Chains for Information Technology)

Powered by Koha